| 000 -LEADER |
| fixed length control field |
01105nam a2200217Ia 4500 |
| 001 - CONTROL NUMBER |
| control field |
12347 |
| 003 - CONTROL NUMBER IDENTIFIER |
| control field |
GE_BSU |
| 008 - FIXED-LENGTH DATA ELEMENTS--GENERAL INFORMATION |
| fixed length control field |
181216s||||||||xx |||||||||||||| ||und|| |
| 040 ## - CATALOGING SOURCE |
| Transcribing agency |
GE_BSU |
| 080 ## - UNIVERSAL DECIMAL CLASSIFICATION NUMBER |
| Universal Decimal Classification number |
321(47+57)(09)(075.8)+34(47+57)(09)(075.8) |
| 100 ## - MAIN ENTRY--PERSONAL NAME |
| Personal name |
ნადარეიშვილი,გ. |
| 245 ## - TITLE STATEMENT |
| Title |
საბჭოთა სოციალისტური რესპუბლიკების კავშირის სახელმწიფოსა და სამართლის ისტორია. |
| 245 ## - TITLE STATEMENT |
| Statement of responsibility, etc. |
რედ:ნ.კორძაია-სამადაშვილი. |
| 260 ## - PUBLICATION, DISTRIBUTION, ETC. |
| Place of publication, distribution, etc. |
თბილისი. |
| 260 ## - PUBLICATION, DISTRIBUTION, ETC. |
| Name of publisher, distributor, etc. |
თბილისის უნ-ტის გამ-ბა. |
| 260 ## - PUBLICATION, DISTRIBUTION, ETC. |
| Date of publication, distribution, etc. |
1986 |
| 300 ## - PHYSICAL DESCRIPTION |
| Extent |
474გვ;22სმ. |
| 300 ## - PHYSICAL DESCRIPTION |
| Other physical details |
პირთა საძიებელი გვ:465. |
| 653 ## - INDEX TERM--UNCONTROLLED |
| Uncontrolled term |
საბჭოთა სოციალისტური რესპუბლიკების კავშირის სახელმწიფოსა და სამართლის ისტორია. |
| 942 ## - ADDED ENTRY ELEMENTS (KOHA) |
| Koha item type |
წიგნი |